000
00275nam a22001097a 4500
008
170112b xxu||||| |||| 00| 0 eng d
020
_a
9781932603873
041
_a
eng
080
_a
618.2
245
_a
WHAT NURSEES KNOW...CHRONIC FATIGUE SYNDROME
_c
STEEFEL, L
942
_2
udc
_c
BK
999
_c
2834
_d
2834